Tous les vice-champions de la Ligue des Champions - Statistiques

Statistiques générales
  • Ce quiz a été pris 54 fois
  • Le résultat moyen est 53 sur 70
Statistiques - réponses
Année Pays Réponse % Correct
2012 Allemagne Bayern
98%
2010 Allemagne Bayern
98%
1999 Allemagne Bayern
98%
1987 Allemagne Bayern
98%
1982 Allemagne Bayern
98%
2025 Italie Inter
98%
2023 Italie Inter
98%
1972 Italie Inter
98%
1967 Italie Inter
98%
2020 France PSG
98%
2021 Angleterre Manchester City
96%
2008 Angleterre Chelsea
94%
2017 Italie Juventus
94%
2015 Italie Juventus
94%
2003 Italie Juventus
94%
1998 Italie Juventus
94%
1997 Italie Juventus
94%
1983 Italie Juventus
94%
1973 Italie Juventus
94%
2022 Angleterre Liverpool
92%
2018 Angleterre Liverpool
92%
2007 Angleterre Liverpool
92%
1985 Angleterre Liverpool
92%
2011 Angleterre Manchester United
92%
2009 Angleterre Manchester United
92%
2019 Angleterre Tottenham
90%
1994 Espagne Barcelone
88%
1986 Espagne Barcelone
88%
1961 Espagne Barcelone
88%
2006 Angleterre Arsenal
86%
2016 Espagne Atletico Madrid
86%
2014 Espagne Atletico Madrid
86%
1974 Espagne Atletico Madrid
86%
2024 Allemagne Borussia Dortmund
86%
2013 Allemagne Borussia Dortmund
86%
2005 Italie Milan
84%
1995 Italie Milan
84%
1993 Italie Milan
84%
1958 Italie Milan
84%
1981 Espagne Real Madrid
84%
1964 Espagne Real Madrid
84%
1962 Espagne Real Madrid
84%
1996 Pays-Bas Ajax
82%
1969 Pays-Bas Ajax
82%
2004 France Monaco
82%
1990 Portugal Benfica
78%
1988 Portugal Benfica
78%
1968 Portugal Benfica
78%
1965 Portugal Benfica
78%
1963 Portugal Benfica
78%
1991 France Olympique de Marseille
76%
2001 Espagne Valence
72%
2000 Espagne Valence
72%
2002 Allemagne Bayer Leverkusen
68%
1970 Ecosse Celtic
60%
1976 France ASSE
58%
1979 Suède Malmo
54%
1959 France Stade de Reims
54%
1956 France Stade de Reims
54%
1980 Allemagne Hamburg
52%
1957 Italie Fiorentina
44%
1984 Italie Rome
42%
1992 Italie Sampdoria
30%
1978 Belgique Club Bruges
22%
1960 Allemagne Francfort
22%
1975 Angleterre Leeds
18%
1971 Grèce Panathinaikos
18%
1966 Serbie Partizan
18%
1989 Roumanie Steua
18%
1977 Allemagne Gladbach
2%
Aucun quiz correspondant
Distribution des résultats
% des personnes avec chaque résultat
Percentile par nombre de réponses
Votre historique - résultats
Vous n’avez pas pris ce quiz